| 000 | 01460nam a22002657a 4500 | ||
|---|---|---|---|
| 005 | 20081125142331.0 | ||
| 008 | 081125t xxu||||| |||| 00| 0 hind | ||
| 010 | _aHIN-85236 | ||
| 020 |
_a8170163501 _c140.00 |
||
| 035 | _aHN-57582 | ||
| 037 | _bDBAD / PUB | ||
| 040 |
_aDPL _bHN |
||
| 082 | _a808.883 | ||
| 100 | _aखुशवंत सिंह | ||
| 245 |
_aमेरे मित्र : _bखुशवंत सिंह; उषा महाजन द्वारा अंग्रेजी से हिंदी में अनुदित _cकुछ महिलाएँ, कुछ पुरूष / |
||
| 246 |
_aMere mitra : kuchha mahilaayen, kuchha purusha _bby Khushwant Singh; translated from English to Hindi by Usha Mahajan |
||
| 260 |
_aनयी दिल्ली _bकिताबघर प्रकाशन _c2008 |
||
| 270 |
_a4855-56/24, अंसारी रोड, दरियागंज _bनयी दिल्ली _e110 002 |
||
| 300 |
_a127पृ _c21सेमी(सजिल्द) |
||
| 650 |
_aस्मृति _xसाहित्यिक संग्रह |
||
| 650 |
_aMemory _xLiterary collections. |
||
| 700 | _aमहाजन, उषा | ||
| 942 |
_2ddc _cHN _h808.883 _mखुशवं |
||
| 999 |
_c19097 _d19097 |
||